00243nam a2200097Ia 4500008004100000041000800041082001900049100002300068245004500091260000900136240625s9999 xx 000 0 und d aeng a338.502465 SAL aSALVATORE DOMINICK aMANAGERIAL ECONOMICS IN A GLOBAL ECONOMY c2005